Computer Architecture and Organisation: Design Principles and Applications (Record no. 91)

MARC details
000 -LEADER
fixed length control field 00432nam a22001577a 4500
005 - DATE AND TIME OF LATEST TRANSACTION
control field 20180203115604.0
008 - FIXED-LENGTH DATA ELEMENTS--GENERAL INFORMATION
fixed length control field 160427b xxu||||| |||| 00| 0 eng d
020 ## - INTERNATIONAL STANDARD BOOK NUMBER
ISBN 0-07-053236-2
041 ## - LANGUAGE CODE
Language code of text/sound track or separate title eng
082 ## - DEWEY DECIMAL CLASSIFICATION NUMBER
Item number 00273
Classification number 004.22
100 ## - MAIN ENTRY--AUTHOR NAME
Personal name Govindarajalu, B
245 ## - TITLE STATEMENT
Title Computer Architecture and Organisation: Design Principles and Applications
260 ## - PUBLICATION, DISTRIBUTION, ETC. (IMPRINT)
Place of publication New Delhi
Name of publisher Tata MC Graw Hill,
Year of publication 2004
300 ## - PHYSICAL DESCRIPTION
Number of Pages 698
942 ## - ADDED ENTRY ELEMENTS (KOHA)
Koha item type Books
Holdings
Lost status Damaged status Collection code Home library Current library Shelving location Date acquired Source of acquisition Cost, normal purchase price Full call number Accession Number Koha item type
    CS/IT JRU Library JRU Library SHELF-49-D 27/04/2016 PURCHASE 350.00 004.22 00273 Books
    CS/IT JRU Library JRU Library SHELF-49-D 27/04/2016 PURCHASE 350.00 004.22 00274 Books
    CS/IT JRU Library JRU Library SHELF-49-D 27/04/2016 PURCHASE 350.00 004.22 00275 Books
      JRU Library   SHELF-2-C 27/04/2016   350.00 00273 00276 Books